| 000 | 00712nam a2200229 i 4500 | ||
|---|---|---|---|
| 001 | bg | ||
| 003 | BPK | ||
| 005 | 20191002090808.0 | ||
| 008 | 960606s1950 pl f |000 0 pol | ||
| 040 | _cBPK | ||
| 041 | _apol | ||
| 080 | _a51 | ||
| 080 | _a(07) | ||
| 100 | 1 |
_aBronštejn, Il'â Nikolaevič. _eAutor |
|
| 245 | 0 |
_aMatematyka : _bporadnik encyklopedyczny / _cI.N. Bronsztejn, K.V. Siemiendajew. |
|
| 260 |
_aWarszawa, _c1950. |
||
| 650 | 4 | _aMatematyka | |
| 655 | 4 | _aPodręcznik | |
| 700 | 1 |
_aSemendâev, Konstantin Adol'fovič _d(1908-1988). _eAutor |
|
| 856 |
_uhttp://koha.tu.koszalin.pl/cgi-bin/koha/opac-detail.pl?biblionumber=26752 _yKatalog online BPK |
||
| 942 |
_cKS _2UKD |
||
| 999 |
_c26752 _d26752 |
||